000 00600nam a22001817a 4500
999 _c2582
_d2582
005 20181016180224.0
008 181016b ||||| |||| 00| 0 eng d
020 _a8172149026
040 _cDLC
082 _a201.65
_bP4716C
100 _aPerumalil, Augustine
245 _aCritical Issues in the Philosophy of Science & Religion
_cAugustine Perumalil
260 _aDelhi
_aPune
_bISPCK
_bIndian Institute of Science and Religion
_c2006
300 _axii, 198p,;
500 _aincludes bibliography & index [191-198]
650 _aNatural history--Philosophy
_xReligion and science
942 _2ddc
_cBK